000 01053cab a2200289 4500
001 ABS50848
008 090401t1994 xxu||||| |||| 00| 0 eng d
035 _a(Sirsi) u72440
041 _aeng
245 _aBiomass power : the germination of a new industry
260 _c1994
350 _a0
490 _aENDS Report
_v(232) May 1994, 24-26(3)
520 _aExamines the potential for growing crops for energy production and discusses why there is no commercial biomass power station in the UK. Alsoo analyses why the Treasury will not alter the current annual subsidy to farmers for placing land in set-aside and encourage them by the payment of a lump sum to cover start up costs.
650 _aALTERNATIVE ENERGY
650 _aBIOMASS
650 _aCOPPICING
650 _aFUEL CROPS
650 _aNFFO
650 _aNON-FOSSIL FUEL OBLIGATION
650 _aRENEWABLE ENERGY
650 _aSHORT ROTATIONAL COPPICE
650 _aSRC
690 _aENVIRONMENTAL AND LAND CONSULTANCY-ENERGY
942 _n0
948 _c04/03/1997
999 _c45772
_d45772